Tesis, Ensayos y monografias Juridicas (Record no. 4267)
[ view plain ]
| 000 -CABECERA | |
|---|---|
| campo de control de longitud fija | 00461nam a22001577a 4500 |
| 022 ## - NUMERO INTERNACIONAL NORMALIZADO PARA PUBLICACIONES SERIADAS (ISSN) | |
| International Standard Serial Number | 9789875442696 |
| 080 ## - NUMERO DE CLASIFICACION DECIMAL UNIVERSAL (CDU) | |
| Número de la Clasificación Decimal Universal | 340 T 286 |
| 245 ## - MENCION DE TITULO | |
| Título propiamente dicho | Tesis, Ensayos y monografias Juridicas |
| 260 ## - PUBLICACION, DISTRIBUCION, ETC. (PIE DE IMPRENTA) | |
| Lugar de publicación, distribución, etc. | Mar del Plata |
| Nombre del editor, distribuidor, etc. | Universidad nacional de Mar del Plata |
| Fecha de publicación, distribución, etc. | 2008 |
| 300 ## - DESCRIPCION FISICA | |
| Extensión | 272 P. |
| 310 ## - FRECUENCIA ACTUAL DE LA PUBLICACION | |
| Frecuencia actual de la publicación | semestral |
| 362 ## - FECHAS DE PUBLICACIÓN Y/O DESIGNACION SECUENCIAL | |
| Fechas de publicación y/o designación secuencial | V 1. Octubre 2008 |
| 650 ## - ASIENTO SECUNDARIO DE MATERIA - TERMINO TEMATICO | |
| Subdivisión general | estupefacientes |
| -- | tenencia |
| -- | libertades individuales |
| -- | adopcion |
| -- | pobreza |
| 942 ## - ELEMENTOS AGREGADOS (KOHA) | |
| Fuente de clasificación | |
| 945 ## - INFORMACION DE PROCESAMIENTO LOCAL | |
| Responsable de cargamodificación | Celeste Delía |
| Fecha de carga/modificación | 2016-03-16 |
| Retirado | Perdido | Dañado | No se presta | Ubicación permanente | Locación actual | Estante o sala | Fecha de adquisición | Enumeración, cronología para publ. seriadas | Signatura topográfica | Inventario | Ultima fecha vista | Tipo de item de Koha |
|---|---|---|---|---|---|---|---|---|---|---|---|---|
| Bib. Derecho | Bib. Derecho | Biblioteca Graduados | 16/03/2016 | V 1. Octubre 2008 | 340 T 286 | 1093 | 16/03/2016 | Publicación periódica | ||||
| Bib. Derecho | Bib. Derecho | Biblioteca Graduados | 16/03/2016 | V 1. Octubre 2008 | 340 T 286 | 1092 | 16/03/2016 | Publicación periódica | ||||
| Bib. Derecho | Bib. Derecho | Biblioteca Graduados | 16/03/2016 | V 1. Octubre 2008 | 340 T 286 | 1091 | 16/03/2016 | Publicación periódica | ||||
| Bib. Derecho | Bib. Derecho | Biblioteca Graduados | 16/03/2016 | V 1. Octubre 2008 | 340 T 286 | 1106 | 16/03/2016 | Publicación periódica | ||||
| Bib. Derecho | Bib. Derecho | Biblioteca Graduados | 16/03/2016 | V 1. Octubre 2008 | 340 T 286 | 1090 | 03/04/2019 | Publicación periódica | ||||
| Bib. Derecho | Bib. Derecho | Biblioteca Graduados | 16/03/2016 | V 1. Octubre 2008 | 340 T 286 | 1096 | 16/03/2016 | Publicación periódica | ||||
| Bib. Derecho | Bib. Derecho | Biblioteca Graduados | 16/03/2016 | V 1. Octubre 2008 | 340 T 286 | 1095 | 16/03/2016 | Publicación periódica | ||||
| Bib. Derecho | Bib. Derecho | Biblioteca Graduados | 16/03/2016 | V 1. Octubre 2008 | 340 T 286 | 1114 | 16/03/2016 | Publicación periódica | ||||
| Bib. Derecho | Bib. Derecho | Biblioteca Graduados | 16/03/2016 | V 1. Octubre 2008 | 340 T 286 | 1098 | 16/03/2016 | Publicación periódica | ||||
| Bib. Derecho | Bib. Derecho | Biblioteca Graduados | 16/03/2016 | V 1. Octubre 2008 | 340 T 286 | 1103 | 16/03/2016 | Publicación periódica | ||||
| Bib. Derecho | Bib. Derecho | Biblioteca Graduados | 16/03/2016 | V 1. Octubre 2008 | 340 T 286 | 1094 | 16/03/2016 | Publicación periódica | ||||
| Bib. Derecho | Bib. Derecho | Biblioteca Graduados | 16/03/2016 | V 1. Octubre 2008 | 340 T 286 | 1111 | 16/03/2016 | Publicación periódica | ||||
| Bib. Derecho | Bib. Derecho | Biblioteca Graduados | 16/03/2016 | V 1. Octubre 2008 | 340 T 286 | 1110 | 16/03/2016 | Publicación periódica | ||||
| Bib. Derecho | Bib. Derecho | Biblioteca Graduados | 16/03/2016 | V 1. Octubre 2008 | 340 T 286 | 11109 | 16/03/2016 | Publicación periódica | ||||
| Bib. Derecho | Bib. Derecho | Biblioteca Graduados | 16/03/2016 | V 1. Octubre 2008 | 340 T 286 | 1115 | 16/03/2016 | Publicación periódica | ||||
| Bib. Derecho | Bib. Derecho | Biblioteca Graduados | 16/03/2016 | V 1. Octubre 2008 | 340 T 286 | 1097 | 16/03/2016 | Publicación periódica | ||||
| Bib. Derecho | Bib. Derecho | Biblioteca Graduados | 16/03/2016 | V 1. Octubre 2008 | 340 T 286 | 1100 | 16/03/2016 | Publicación periódica | ||||
| Bib. Derecho | Bib. Derecho | Biblioteca Graduados | 16/03/2016 | V 1. Octubre 2008 | 340 T 286 | 1113 | 16/03/2016 | Publicación periódica | ||||
| Bib. Derecho | Bib. Derecho | Biblioteca Graduados | 16/03/2016 | V 1. Octubre 2008 | 340 T 286 | 1104 | 16/03/2016 | Publicación periódica | ||||
| Bib. Derecho | Bib. Derecho | Biblioteca Graduados | 16/03/2016 | V 1. Octubre 2008 | 340 T 286 | 1105 | 16/03/2016 | Publicación periódica | ||||
| Bib. Derecho | Bib. Derecho | Biblioteca Graduados | 16/03/2016 | V 1. Octubre 2008 | 340 T 286 | 1101 | 16/03/2016 | Publicación periódica | ||||
| Bib. Derecho | Bib. Derecho | Biblioteca Graduados | 16/03/2016 | V 1. Octubre 2008 | 340 T 286 | 1108 | 16/03/2016 | Publicación periódica | ||||
| Bib. Derecho | Bib. Derecho | Biblioteca Graduados | 16/03/2016 | V 1. Octubre 2008 | 340 T 286 | 1107 | 16/03/2016 | Publicación periódica | ||||
| Bib. Derecho | Bib. Derecho | Biblioteca Graduados | 16/03/2016 | V 1. Octubre 2008 | 340 T 286 | 1112 | 16/03/2016 | Publicación periódica | ||||
| Bib. Derecho | Bib. Derecho | Biblioteca Graduados | 16/03/2016 | V 1. Octubre 2008 | 340 T 286 | 1099 | 16/03/2016 | Publicación periódica | ||||
| Bib. Derecho | Bib. Derecho | Biblioteca Graduados | 16/03/2016 | V 1. Octubre 2008 | 340 T 286 | 1239 | 16/03/2016 | Publicación periódica | ||||
| Bib. Derecho | Bib. Derecho | Biblioteca Graduados | 16/03/2016 | V 1. Octubre 2008 | 340 T 286 | 1240 | 16/03/2016 | Publicación periódica | ||||
| Bib. Derecho | Bib. Derecho | Biblioteca Graduados | 16/03/2016 | V 1. Octubre 2008 | 340 T 286 | 1241 | 16/03/2016 | Publicación periódica | ||||
| Bib. Derecho | Bib. Derecho | Biblioteca Graduados | 17/12/2024 | V 1- Octubre 2008 | 340 T 286 | 1716 | 17/12/2024 | Publicación periódica |
